000
00324pab a2200145 454500
008
180718b2000 xxu||||| |||| 00| 0 eng d
100
_a
Jagmohan
245
_a
Urban future
260
_c
2000
300
_a
p.6; 3 Feb, 2000, p.6
362
_a
2 Feb
650
_a
Urban development
773
_a
Statesman
909
_a
45053
999
_c
45053
_d
45053